000 00513nam a2200181Ia 4500
005 20250326123645.0
008 250326s9999 xx 000 0 und d
037 _aTextbook
040 _aFMSL
_beng
_cFMSL
041 _aeng
_2eng
084 _aX(B) M2
_qFMSL
100 _aMas-colell A
_9322114
245 0 _aNoncooperative approachesto the theory of perfect competition
_cMas-colell A
260 _aNY
_bNY, Academic
_c1982
300 _a268p
942 _cTB
_hX(B) M2
999 _c1270356
_d1270356